00375cam a22001097a 4500008004000000082001600040100002100056245011400077260002400191300001000215650004000225180718b1990 xxu||||| |||| 00| 0 eng d aI28x54 Sa73 aSarkar, J. Sarma aCommissions of inquiry: practice and principle with up to date case laws and commentariescby J. Sarma Sarkar aDelhibAshishc1990 a105p. aGovernmental investigations --India